Personnages de fiction en images - W - Statistiques

Statistiques générales
  • Ce quiz a été pris 53 729 fois
  • Le résultat moyen est 10 sur 16
Statistiques - réponses
Par images Réponse % Correct
Winnie l'Ourson
99%
Willy Wonka
94%
Wonder Woman
94%
Wario
88%
WALL-E
87%
Wolverine
86%
Woody
86%
Wendy Darling
68%
Walter White
63%
Wanda Maximoff
52%
Wallace
49%
War Machine
33%
Wilson
33%
Willow Ufgood
16%
Wilma Pierrafeu
10%
Woodstock
5%
Aucun quiz correspondant
Distribution des résultats
% des personnes avec chaque résultat
Percentile par nombre de réponses
Votre historique - résultats
Vous n’avez pas pris ce quiz